Možnosti využitia kognitívno-behaviorálneho výcvikového programu skupinovej práce s pubescentmi a adolescentmi s poruchami správania v pedagogicko-psychologickej praxi

Bibliographic Details
Main Author: Šramková, Marianna (Author)
Format: Article
Language:Slovak
PhysicalDescription:Tab.
ISSN:1335-1397
Subjects:

MARC

LEADER 00000nab a2200000 a 4500
001 vtls010578159
003 SK-MaSNL
005 20260304210403.0
008 140328c2013 xo |r|p|||an |000 b|slo
015 |a SNBRB2014/02 
038 |a SPK 
040 |a SPKCL  |b slo  |c AACR2  |e AACR2 
041 0 |a slo  |b slo  |b ger  |b eng 
044 |a xo  |c SK 
080 |a [615.851:165.194]:364-785.62  |2 2001 
080 |a 364-785.62  |2 2001 
100 1 |a Šramková, Marianna  |4 aut  |9 416156 
245 1 0 |a Možnosti využitia kognitívno-behaviorálneho výcvikového programu skupinovej práce s pubescentmi a adolescentmi s poruchami správania v pedagogicko-psychologickej praxi  |c Marianna Šrámková 
300 |b Tab. 
500 |a Dokončenie 
504 |a Bibliogr. odkazy 
546 |a Res. slov., nem., angl. 
650 0 7 |a kognitívno-behaviorálna terapia  |2 snkbucl  |9 86698 
773 0 |t Efeta - otvor sa  |g Roč. XXIII, č. 3 (2013), s. 4-10  |x 1335-1397 
852 |a SPK  |b KIS3GCP 
958 |a NB  |2 spk 
999 |c 3125863  |d 3127793